LIBRARY & INFORMATION CENTRE, KCAET, TAVANUR

ONLINE PUBLIC ACCESS CATALOGUE (OPAC)

Fundamentals of agricultural economics / (Record no. 1599)

MARC details
000 -LEADER
fixed length control field 00498cam a2200193ua 4500
020 ## - INTERNATIONAL STANDARD BOOK NUMBER
ISBN 81-7493-228-3
041 ## - LANGUAGE CODE
Language code of text/sound track or separate title eng
082 ## - DEWEY DECIMAL CLASSIFICATION NUMBER
Classification number 630.33
Item number SAD/FU
100 ## - MAIN ENTRY--AUTHOR NAME
Personal name Sadhu, A.N .
245 ## - TITLE STATEMENT
Title Fundamentals of agricultural economics /
250 ## - EDITION STATEMENT
Edition statement 3 /
260 ## - PUBLICATION, DISTRIBUTION, ETC. (IMPRINT)
Place of publication Mumbai :
Name of publisher Himalaya publishing home ,
Year of publication 1996.
300 ## - PHYSICAL DESCRIPTION
Number of Pages 419 ; .
700 1# - ADDED ENTRY--PERSONAL NAME
Personal name Amarjit, Singh .
942 ## - ADDED ENTRY ELEMENTS (KOHA)
Koha item type Books
Holdings
Withdrawn status Lost status Damaged status Home library Current library Date acquired Full call number Accession Number Koha item type
      KAUAET KAUAET 07/04/2012 630.33 19329 Books
free website counter